00878nam a2200181 i 450000100060000000300090000600700030001500800410001808000140005924500460007326000320011930000560015149000430020750003490025061000290059983000430062885200250067186264ES-MaACLt|041221s1999 sp ||||1| spa d a7.032:06900aMuseo Pompidou [hRecurso electrónico]. a[Madrid] : bActa, c[1999] a1 disco compacto (CD-ROM) : bson., col. ; c12 cm.1 aGrandes tesoros del arte mundial ; v2 aCaracterísticas del sistema: 486 DX o superior; Windows 3.1 o Windows 95; 8 Mb de memoria RAM; 3 Mb disponibles en el disco duro; pantalla 640 x 48s480, 32000 colores mínimo; lector de CD-Rom de doble velocidad; tarjeta Sound Blaster o compatible; Microsoft Mouse o compatible; altavoces o auriculares; ratón compatible Microsoft Windows.27aMuseo Pompidou-vCD-ROM.0 aGrandes tesoros del arte mundial ; v2 aES-MaACLjROT 1/6/13